000 00614cas a22002055 4500
001 L138067
008 070515c19992001xxkur p 0 a0eng u
035 _a(Sirsi) u138067
041 0 _aeng
110 2 _aRoyal Institution of Chartered Surveyors
_bDevon and Cornwall Branch
_95188
245 0 0 _aDevon and Cornwall Surveyor News
260 _aUmberleigh (Devon)
_bRICS
_c1999-2001
362 0 _aLate Spring 1999-Summer 2001
554 _aUnknown
651 4 _aDEVON
651 4 _aCORNWALL
690 _aMANAGEMENT-BUSINESS MANAGEMENT-PROFESSIONAL PRACTICE
780 0 0 _tYour Local Newsletter
942 _n0
999 _c118938
_d118938